000 00269nam a22001217a 4500
020 _a0-7214-1929-1
082 _a823
_bBAX/L
100 _aBAXTER NICOLA
245 _aLITTLE BLUE TRACTOR
260 _aLONDON
_bLADY BIRD
650 _aENGLISH SHORT STORY
_zUK
942 _cBK
999 _c2400
_d2400